LEADER 00898nam0-22003131i-450 001 990001797370403321 005 20190529131424.0 035 $a000179737 035 $aFED01000179737 035 $a(Aleph)000179737FED01 035 $a000179737 100 $a20021010d1975----km-y0itay50------ba 101 0 $aita 200 1 $a<>malattie da virus della vite$fGiuseppe Fogliani. 210 $aMilano$c...$d1975. 215 $a2 v.$d24 cm 300 $aEstr. da: Annali della Facolta di Agraria dell'Universita Cattolica del S. Cuore, 15 (1975). 610 0 $aFitopatologia 610 0 $aViti 676 $a581.2 700 1$aFogliani,$bGiuseppe$070755 801 0$aIT$bUNINA$gRICA$2UNIMARC 901 $aLG 912 $a990001797370403321 952 $a60 OP. 101/48$b45613$fFAGBC 959 $aFAGBC 996 $aMalattie da virus della vite$9410733 997 $aUNINA DB $aING01 LEADER 03237nam 2200625 450 001 9910818155203321 005 20200520144314.0 010 $a0-19-999626-1 010 $a0-19-989598-8 035 $a(CKB)2550000001064202 035 $a(EBL)4704510 035 $a(MiAaPQ)EBC4704510 035 $a(MiAaPQ)EBC1073459 035 $a(Au-PeEL)EBL4704510 035 $a(CaPaEBR)ebr11274022 035 $a(CaONFJC)MIL498699 035 $a(OCoLC)960166015 035 $a(EXLCZ)992550000001064202 100 $a20161012h20122012 uy 0 101 0 $aeng 135 $aur|n|---||||| 181 $2rdacontent 182 $2rdamedia 183 $2rdacarrier 200 00$aSocialism vanquished, socialism challenged $eEastern Europe and China, 1989-2009 /$fedited by Nina Bandelj and Dorothy J. Solinger 210 1$aOxford, [England] ;$aNew York, New York :$cOxford University Press,$d2012. 210 4$d2012 215 $a1 online resource (269 p.) 300 $aDescription based upon print version of record. 311 $a0-19-989596-1 311 $a1-299-67449-6 320 $aIncludes bibliographical references and index. 327 $aCover; Contents; Acknowledgments; About the Contributors; Introduction: Postsocialist Trajectories in Comparative Perspective; PART ONE: REINSTITUTIONALIZING POLITICS; 1. 1989 and Its Aftermath: Two Waves of Democratic Change in Postcommunist Europe and Eurasia; 2. China Politics 20 Years Later; PART TWO: RECASTING STATE-SOCIETY RELATIONS; 3. Postsocialist Cleansing in Eastern Europe: Purity and Danger in Transitional Justice; 4. Responsive Authoritarianism and Blind-Eye Governance in China; PART THREE: REFORMING ECONOMIC SYSTEMS; 5. Notes on the Geopolitical Economy of Post-State Socialism 327 $a6. The 1989 Watershed in China: How the Dynamics of Economic Transition ChangedPART FOUR: TRANSFORMING ECONOMIC BEHAVIOR; 7. The Rise of Consumer Credit in the Postcommunist Czech Republic, Hungary, and Poland; 8. Financing Constraints on the Private Sector in Postsocialist China; PART FIVE: RESHAPING SOCIAL INSTITUTIONS; 9. Changing Family Formation Behavior in Postsocialist Countries: Similarities, Divergences, and Explanations; 10. Communist Resilience: Institutional Adaptations in Post-Tiananmen China; Postscript: The Fate of the State after 1989: Eastern Europe and China Compared; Index 327 $aAB; C; D; E; F; G; H; I; J; K; L; M; N; O; P; R; S; T; U; V; W; Y; Z 606 $aPost-communism$zEurope, Eastern 606 $aPost-communism$zChina 607 $aEurope, Eastern$xPolitics and government$y1989- 607 $aEurope, Eastern$xEconomic policy$y1989- 607 $aChina$xPolitics and government$y1976-2002 607 $aChina$xPolitics and government$y2002- 607 $aChina$xEconomic policy$y1976-2000 607 $aChina$xEconomic policy$y2000- 615 0$aPost-communism 615 0$aPost-communism 676 $a320.94709049 702 $aBandelj$b Nina 702 $aSolinger$b Dorothy J. 801 0$bMiAaPQ 801 1$bMiAaPQ 801 2$bMiAaPQ 906 $aBOOK 912 $a9910818155203321 996 $aSocialism vanquished, socialism challenged$93937567 997 $aUNINA